000 00555nam a2200181Ia 4500
999 _c34536
_d34536
003 OSt
005 20200904123452.0
008 190216s9999||||xx |||||||||||||| ||und||
020 _a9780070647787
040 _coclc
082 _a531
_bKLE/I
100 _a Kleppner, Daniel
_94445
245 3 _aAn Introduction To Mechanics /
_cDaniel Kleppner ;Robert J Kolenkow
260 _bTata Mcgraw-Hill Education Private Limited,
_c2012.
_aNew Delhi:
300 _a546p
650 _aMechanics
942 _cBK
_2ddc
_h531
_iKLE/I
_k531
_mKLE/I